Aplikácia etických princípov EK IFAC v činnosti účtovníka a audítora (accountants)v podmienkach právnej úpravy SR diplomová práca

Na minha lista:
Detalhes bibliográficos
Autor principal: Bedleková, Lenka
Autor Corporativo: Fakulta hospodárskej informatiky EU. Katedra účtovníctva a audítorstva
Outros Autores: Krišková, Petra, 1981-
Formato: Livro
Idioma:eslovaco
Publicado em: Bratislava 2018
Tags: Adicionar Tag
Sem tags, seja o primeiro a adicionar uma tag!

MARC

LEADER 00000nbm a2200000 4500
001 0243621
005 20181108090816.0
041 0 |a slo 
044 |a SK 
245 1 0 |a Aplikácia etických princípov EK IFAC v činnosti účtovníka a audítora (accountants)v podmienkach právnej úpravy SR  |b diplomová práca  |c Lenka Bedleková ; školiteľ: Petra Krišková 
264 1 |a Bratislava  |c 2018 
300 |a 63 s. 
100 1 |a Bedleková, Lenka 
700 1 |a Krišková, Petra, 1981- 
710 2 |a Fakulta hospodárskej informatiky EU. Katedra účtovníctva a audítorstva